The printing revolution in early modern Europe

Αποθηκεύτηκε σε:
Λεπτομέρειες βιβλιογραφικής εγγραφής
Κύριος συγγραφέας: Eisenstein, Elizabeth L.
Μορφή: Βιβλίο
Γλώσσα:English
Δημοσίευση: Cambridge : Cambridge University Press, 1993
Θέματα:
Ετικέτες: Προσθήκη ετικέτας
Δεν υπάρχουν, Καταχωρήστε ετικέτα πρώτοι!

MARC

LEADER 00000nam a2200000 i 4500
001 1/3978
008 960502s1993 eng d
020 |a 0-521-44770-4 
035 |l 10015413 
040 |a GR-MY-UA  |b gre  |e aacr 
041 0 |a eng 
082 0 |a 686.209 
100 1 |a Eisenstein, Elizabeth L. 
245 1 4 |a The printing revolution in early modern Europe /  |c Elizabeth L. Eisenstein 
260 |a Cambridge :   |b Cambridge University Press,   |c 1993 
300 |a 300 p.  |b ill. 
504 |a Includes index 
650 0 0 |a Printing  |x History. 
650 0 0 |a Technology and civilization. 
651 0 |a Europe  |x Intellectual life  |x History. 
852 |a INST  |b LESVOS  |e 19960502  |h 686.209 EIS  |p 005100010402  |q 005100010402  |t BK  |y 0 
909 |a Λ  |b 044968